N, O, E ou L ? - Statistiques

Statistiques générales
  • Ce quiz a été pris 2 878 fois
  • Le résultat moyen est 10 sur 16
Statistiques - réponses
Hint Explanation Réponse % Correct
L'un des quatre groupes sanguins
92%
Taille de vêtement supérieure au S et au M
91%
La seule des quatre lettres absente dans une boussole française
87%
Plus basse note du Nutri-Score
84%
XXV + XXV
79%
Symbole chimique de l'azote
78%
Interjection servant à invoquer lorsqu'elle est accompagnée d'un accent circonflexe
71%
Particule placée devant les noms propres irlandais pour indiquer la filiation
62%
Lettre répétée dans le nom de la capitale de l'Arménie Erevan
57%
Disparue puis "revenente" chez Georges Pérec
55%
Abréviation de "and" en anglais
51%
La note "mi" pour les anglophones
50%
Roman d'Agatha Christie : _. ou M. ?
48%
Correspond à un prénom masculin dans l'alphabet militaire Oscar
42%
Personnage emblématique de Pokémon Noir et Blanc
35%
Surnom du métro de Chicago
33%
Aucun quiz correspondant
Distribution des résultats
% des personnes avec chaque résultat
Percentile par nombre de réponses
Votre historique - résultats
Vous n’avez pas pris ce quiz